000 01013nam a2200277Ia 4500
003 OSt
005 20220923211609.0
006 a|||||r|||| 00| 0
007 ta
008 220922b |||||||| |||| 00| 0 hin d
020 _a9789388684255 (hbk)
_c695
024 _a348,594
037 _bGV854, 08/03/2019, Vani Prakashan
_cTextual
040 _aARTS
_cARTS
_bhin
041 _2hin
_ahin
082 _aO152:g(Y5927), Q9
100 _aपी. रवि, ले.
_9160938
245 0 _aदलित साहित्य
_b संवेदना के आयाम
246 _aDalit sāhitya: sanvedanā ke āyāma
260 _aनयी दिल्ली
_b वाणी प्रकाशन
_c2019
300 _a248पृ.
_ccm.
650 _a दलित साहित्य
650 _aहिन्दी साहित्य
_9156264
942 _hO152:g(Y5927), Q9
_cTEXL
_2CC
999 _c301213
_d301213